西晋郡级行政区(281年)- 地图版 - Statistics

General Stats
  • This quiz has been taken 134 times
  • The average score is 70 of 169
Answers on the Map
Answers color-coded by a green-red scale on the quiz's map according to % correct below.
 
Answer Stats
Hint Answer % Correct
扬州 会稽郡
89%
广州 南海郡
89%
凉州 张掖郡
89%
平州 辽东郡
87%
荆州 长沙郡
87%
凉州 酒泉郡
87%
凉州 敦煌郡
85%
凉州 武威郡
84%
幽州 辽西郡
82%
荆州 南阳国
82%
梁州 蜀郡
82%
司州 河南郡
80%
交州 交趾郡
80%
徐州 琅邪国
78%
梁州 汉中郡
78%
荆州 武陵郡
76%
扬州 豫章郡
76%
司州 河东郡
75%
司州 河内郡
75%
冀州 赵国
75%
并州 太原国
75%
青州 齐国
73%
平州 乐浪郡
73%
司州 魏郡
71%
雍州 京兆郡
71%
荆州 零陵郡
71%
司州 弘农郡
69%
扬州 吴郡
69%
徐州 东海郡
67%
荆州 江夏郡
67%
并州 上党郡
65%
扬州 丹阳郡
65%
雍州 扶风国
64%
青州 济南郡
64%
青州 北海郡
64%
幽州 代郡
64%
平州 玄菟郡
64%
荆州 南郡
64%
凉州 天水郡
64%
豫州 汝南国
62%
冀州 常山郡
62%
荆州 桂阳郡
62%
徐州 彭城国
60%
冀州 勃海郡
60%
扬州 庐江郡
60%
凉州 陇西郡
60%
凉州 金城郡
60%
雍州 冯翊郡
58%
豫州 颍川郡
58%
青州 东莱郡
58%
徐州 广陵郡
58%
荆州 襄阳郡
58%
交州 九真郡
58%
兖州 陈留郡
56%
豫州 鲁国
56%
徐州 下邳郡
56%
梁州 巴郡
56%
并州 雁门郡
55%
梁州 牂牁郡
55%
交州 合浦郡
55%
交州 合浦属国
55%
兖州 泰山郡
53%
冀州 清河国
53%
冀州 中山国
53%
广州 苍梧郡
53%
雍州 北地郡
51%
广州 郁林郡
51%
广州 桂林郡
51%
兖州 济北国
49%
豫州 沛国
49%
冀州 河间国
49%
幽州 北平郡
49%
梁州 广汉郡
49%
幽州 上谷郡
45%
梁州 犍为郡
45%
兖州 济阴郡
44%
冀州 平原国
44%
扬州 淮南郡
44%
扬州 吴兴郡
44%
雍州 安定郡
42%
冀州 巨鹿国
42%
幽州 燕国
40%
荆州 武昌郡
40%
凉州 武都郡
40%
梁州 巴西郡
38%
宁州 永昌郡
38%
扬州 庐陵郡
38%
并州 西河国
36%
梁州 越巂郡
36%
宁州 云南郡
36%
扬州 建安郡
36%
兖州 东平国
35%
豫州 汝阴郡
35%
豫州 梁国
35%
冀州 安平国
35%
梁州 巴东郡
35%
凉州 阴平郡
35%
扬州 毗陵郡
33%
凉州 西海郡
33%
司州 平阳郡
27%
凉州 西平郡
27%
兖州 任城国
25%
冀州 博陵国
25%
幽州 范阳郡
25%
平州 昌黎郡
25%
荆州 南平郡
25%
荆州 上庸郡
25%
荆州 魏兴郡
25%
梁州 梓潼郡
25%
宁州 建宁郡
25%
扬州 临海郡
25%
交州 九德郡
25%
司州 荥阳郡
24%
青州 城阳郡
24%
荆州 衡阳郡
24%
扬州 宣城郡
24%
广州 始兴郡
24%
凉州 西郡
24%
兖州 濮阳国
22%
徐州 临淮国
22%
平州 带方郡
22%
荆州 新城郡
22%
荆州 义阳国
22%
梁州 新都国
22%
扬州 临川郡
22%
广州 高凉郡
22%
豫州 谯国
20%
荆州 湘东郡
20%
扬州 新安郡
20%
司州 阳平郡
18%
雍州 始平郡
18%
雍州 新平郡
18%
青州 乐安国
18%
徐州 东莞郡
18%
交州 | 并州 新兴郡
18%
广州 始安郡
18%
司州 汲郡
16%
豫州 弋阳郡
16%
冀州 乐陵国
16%
荆州 邵陵郡
16%
梁州 涪陵郡
16%
扬州 鄱阳郡
16%
司州 顿丘郡
15%
司州 广平郡
15%
荆州 宜都郡
15%
扬州 东阳郡
15%
广州 临贺郡
15%
兖州 高平国
13%
豫州 安丰郡
13%
并州 乐平国
13%
凉州 略阳郡
13%
司州 上洛郡
11%
豫州 襄城郡
11%
青州 长广郡
11%
冀州 高阳国
11%
荆州 天门郡
11%
荆州 建平郡
11%
荆州 南乡郡
11%
梁州 汶山郡
11%
宁州 兴古郡
11%
梁州 朱提郡
9%
交州 武平郡
9%
凉州 卑南安郡
9%
冀州 章武国
7%
幽州 广宁郡
7%
荆州 安成郡
7%
梁州 江阳郡
7%
梁州 汉嘉郡
5%
No matching quizzes found
Score Distribution
Percent of People with Each Score
Percentile by Number Answered
Your Score History
You have not taken this quiz